| 000 | 005370000a22001810004500 | ||
|---|---|---|---|
| 003 | MACL | ||
| 005 | 20160319132940.0 | ||
| 008 | 160319b xxu||||| |||| 00| 0 eng d | ||
| 040 |
_aMACL _cMACL |
||
| 041 | _aHindi | ||
| 082 | _a934 | ||
| 100 |
_aविधालंकार सत्यकेतु _946944 |
||
| 245 | _aभारत का प्राचीन इतिहास | ||
| 260 |
_bसरस्वती सदन _c1953 _aमसूरी |
||
| 350 | _a5 | ||
| 650 |
_aHistory _947378 |
||
| 942 |
_cHIN _k954 _2ddc |
||
| 999 |
_c24208 _d24208 |
||